[Event "8. Open de Calvia de Aficionados 2011"]
[Site "Calvià ESP"]
[Date "2011.10.13"]
[Round "6.20"]
[White "Saez Gabikagogeaskoa, Oscar"]
[Black "Castell Cantero, Salvador"]
[Result "0-1"]
[WhiteElo "1995"]
[BlackElo "2095"]
[PlyCount "94"]
[EventDate "2011.10.08"]
[EventType "swiss"]
[EventRounds "9"]
[EventCountry "ESP"]
[Source "lmi"]
[SourceDate "2011.10.08"]

1. e4 c5 2. c3 d5 3. exd5 Qxd5 4. d4 cxd4 5. Nf3 Nc6 6. cxd4 Bg4 7. Be2 e6 8.
O-O Nf6 9. h3 Bh5 10. Nc3 Qa5 11. Qb3 Qb6 12. Qxb6 axb6 13. g4 Bg6 14. Bb5 Bd6
15. Ne5 Rc8 16. Bf4 Ke7 17. Rad1 Rhd8 18. Bg3 Bc2 19. Rd2 Bxe5 20. Bxc6 Bxg3
21. Bxb7 Bf4 22. Rxc2 Rc7 23. Bg2 Rxd4 24. Re2 Rcd7 25. Bc6 Rd8 26. a4 Bd2 27.
Ne4 Nxe4 28. Rxe4 Rxe4 29. Bxe4 Rd4 30. Bc2 Bb4 31. Rd1 Rc4 32. Bb3 Re4 33. Rc1
Bc5 34. Bc4 Rf4 35. Rc2 Bxf2+ 36. Kg2 Bc5 37. b3 f5 38. Re2 fxg4 39. Bxe6 gxh3+
40. Kxh3 Kf6 41. Bc4 h5 42. Re6+ Kf5 43. Re8 g5 44. Rh8 Rf3+ 45. Kg2 Rf2+ 46.
Kg1 Kg4 47. Be6+ Kg3 0-1

[Event "8. Open de Calvia de Aficionados 2011"]
[Site "Calvià ESP"]
[Date "2011.10.13"]
[Round "6.21"]
[White "Rodvik, Trym Daniel"]
[Black "Grichkevitch, Gilles"]
[Result "0-1"]
[WhiteElo "1909"]
[BlackElo "2081"]
[PlyCount "52"]
[EventDate "2011.10.08"]
[EventType "swiss"]
[EventRounds "9"]
[EventCountry "ESP"]
[Source "lmi"]
[SourceDate "2011.10.08"]

1. e4 c5 2. Nf3 e6 3. d4 cxd4 4. Nxd4 Nf6 5. Nc3 Nc6 6. Ndb5 d6 7. Bf4 e5 8.
Bg5 a6 9. Na3 b5 10. Nd5 Be7 11. Bxf6 Bxf6 12. c3 Bg5 13. Nc2 O-O 14. a4 bxa4
15. Rxa4 Bb7 16. h4 Bh6 17. Bc4 a5 18. g4 Bf4 19. Nxf4 exf4 20. Bd5 Qb6 21. b3
Ne5 22. Bxb7 Qxb7 23. Qd5 Qc8 24. Qxd6 Qxc3+ 25. Kf1 Rad8 26. Qe7 Rd1+ 0-1

[Event "8. Open de Calvia de Aficionados 2011"]
[Site "Calvià ESP"]
[Date "2011.10.13"]
[Round "6.22"]
[White "Schuermans, Robert"]
[Black "Myhrvold, Jo"]
[Result "1-0"]
[WhiteElo "2139"]
[BlackElo "1971"]
[PlyCount "109"]
[EventDate "2011.10.08"]
[EventType "swiss"]
[EventRounds "9"]
[EventCountry "ESP"]
[Source "lmi"]
[SourceDate "2011.10.08"]

1. e4 e6 2. d4 d5 3. Nc3 Nf6 4. Bg5 dxe4 5. Nxe4 Be7 6. Bxf6 Bxf6 7. Nxf6+ Qxf6
8. Nf3 b6 9. Bb5+ c6 10. Bd3 Nd7 11. Qe2 O-O 12. Qe4 g6 13. Qxc6 Rb8 14. Qc7
Rb7 15. Qg3 b5 16. O-O-O b4 17. h4 h5 18. Qg5 Rc7 19. Qxf6 Nxf6 20. Ne5 Bb7 21.
f3 Rd8 22. Bc4 Nd5 23. Bxd5 Bxd5 24. Kb1 a5 25. Rhe1 Kg7 26. Nd3 Rd6 27. b3
Rcd7 28. Nc5 Rd8 29. Kb2 f6 30. Rd3 Kf7 31. a3 Rc8 32. axb4 axb4 33. Ra1 Rc7
34. Ra5 Rb6 35. Rd1 g5 36. hxg5 fxg5 37. Nd3 Kf6 38. Ra4 Rcb7 39. Rh1 h4 40.
Kc1 Bc6 41. Ra5 Rd7 42. Rc5 Rxd4 43. Ne5 Be8 44. Re1 Rbd6 45. Ng4+ Kg6 46. Ree5
Rd1+ 47. Kb2 R1d5 48. Rcxd5 Rxd5 49. Rxe6+ Kf7 50. Rxe8 Rd2 51. Re5 Rxg2 52.
Rxg5 h3 53. Rh5 Rg3 54. Ne5+ Ke6 55. f4 1-0

[Event "8. Open de Calvia de Aficionados 2011"]
[Site "Calvià ESP"]
[Date "2011.10.13"]
[Round "6.23"]
[White "Juan Mas, Santiago"]
[Black "Sanchez Garcia, Julio"]
[Result "0-1"]
[WhiteElo "2124"]
[BlackElo "2007"]
[PlyCount "88"]
[EventDate "2011.10.08"]
[EventType "swiss"]
[EventRounds "9"]
[EventCountry "ESP"]
[Source "lmi"]
[SourceDate "2011.10.08"]

1. e4 e6 2. d3 d5 3. Nd2 Nf6 4. Ngf3 c5 5. g3 Nc6 6. Bg2 Be7 7. O-O O-O 8. e5
Nd7 9. Re1 Qc7 10. Qe2 b5 11. h4 Bb7 12. Nf1 Rac8 13. Bf4 b4 14. Rac1 Qa5 15.
b3 Rc7 16. h5 Rfc8 17. g4 Qxa2 18. g5 g6 19. N1h2 c4 20. dxc4 dxc4 21. bxc4 Nb6
22. hxg6 hxg6 23. Bf1 Na5 24. Ra1 Qxc4 25. Qd2 Qd5 26. Qxd5 Nxd5 27. Rxa5 Nxf4
28. Nd4 Bc5 29. Nb5 Bb6 30. Ra4 Rxc2 31. Ng4 Bc6 32. Rxb4 Bxb5 33. Rxf4 Be8 34.
Ba6 Rc1 35. Nf6+ Kf8 36. Bxc8 Rxe1+ 37. Kh2 Rxe5 38. Bd7 Bc7 39. Nxe8 Rf5 40.
Nxc7 Rxf4 41. Kg3 Rd4 42. Bb5 a5 43. Kf3 a4 44. Ke3 a3 0-1

[Event "8. Open de Calvia de Aficionados 2011"]
[Site "Calvià ESP"]
[Date "2011.10.13"]
[Round "6.24"]
[White "Fullana Benito, David"]
[Black "Svitek, Volker"]
[Result "1/2-1/2"]
[WhiteElo "1845"]
[BlackElo "2099"]
[PlyCount "95"]
[EventDate "2011.10.08"]
[EventType "swiss"]
[EventRounds "9"]
[EventCountry "ESP"]
[Source "lmi"]
[SourceDate "2011.10.08"]

1. d4 d5 2. c4 c6 3. Nf3 Nf6 4. Nc3 dxc4 5. a4 Bf5 6. Ne5 e6 7. Bg5 Be7 8. Nxc4
O-O 9. e3 Nbd7 10. Qb3 b6 11. Be2 Ne4 12. Bxe7 Qxe7 13. Nxe4 Bxe4 14. f3 Bg6
15. O-O e5 16. dxe5 Nxe5 17. Nxe5 Qxe5 18. f4 Qe6 19. Qxe6 fxe6 20. Bc4 Bf7 21.
e4 e5 22. Ba6 exf4 23. Rxf4 c5 24. Re1 Rad8 25. Re2 Be6 26. g3 Rd4 27. Bb5 Rfd8
28. Kf2 g5 29. Rf6 Rf8 30. Rxf8+ Kxf8 31. Ke3 Ke7 32. h4 a6 33. Bxa6 Rxa4 34.
Bd3 gxh4 35. gxh4 Rb4 36. Rc2 Kd6 37. Kf4 Rd4 38. Ke3 Ke5 39. Rg2 Rb4 40. Rg5+
Kd6 41. Rg2 c4 42. Bf1 b5 43. h5 Ke5 44. Rg5+ Kf6 45. Rg2 h6 46. Kd4 Bf7 47.
e5+ Ke7 48. Rh2 1/2-1/2

[Event "8. Open de Calvia de Aficionados 2011"]
[Site "Calvià ESP"]
[Date "2011.10.13"]
[Round "6.25"]
[White "Mercant Simo, Jaime"]
[Black "Kopischke, Maik"]
[Result "1-0"]
[WhiteElo "2083"]
[BlackElo "1902"]
[PlyCount "49"]
[EventDate "2011.10.08"]
[EventType "swiss"]
[EventRounds "9"]
[EventCountry "ESP"]
[Source "lmi"]
[SourceDate "2011.10.08"]

1. e4 d6 2. d4 Nf6 3. Nc3 g6 4. Nf3 Bg7 5. h3 c6 6. a4 a5 7. Be3 O-O 8. Be2
Nbd7 9. O-O Qc7 10. Nd2 e5 11. dxe5 dxe5 12. Nc4 Rd8 13. Qd6 Qxd6 14. Nxd6 Nf8
15. Nxc8 Rdxc8 16. Bc4 Ne8 17. Rfd1 Nc7 18. Bb6 Nfe6 19. Rd7 Bf8 20. Bxc7 Nxc7
21. Rxf7 Kh8 22. Rd1 b5 23. Bb3 c5 24. axb5 a4 25. Bc4 1-0

[Event "8. Open de Calvia de Aficionados 2011"]
[Site "Calvià ESP"]
[Date "2011.10.14"]
[Round "7.1"]
[White "Galiana Salom, Juan Ramon"]
[Black "Scharrer, Patrick"]
[Result "1/2-1/2"]
[WhiteElo "2236"]
[BlackElo "2269"]
[PlyCount "85"]
[EventDate "2011.10.08"]
[EventType "swiss"]
[EventRounds "9"]
[EventCountry "ESP"]
[Source "lmi"]
[SourceDate "2011.10.08"]

1. e4 g6 2. d4 Bg7 3. Nc3 d6 4. Bc4 Nf6 5. Qe2 Nc6 6. Nf3 Bg4 7. Bb5 Nd7 8.
Bxc6 bxc6 9. Be3 Rb8 10. Nd1 O-O 11. h3 Bxf3 12. Qxf3 e5 13. dxe5 Nxe5 14. Qe2
Qh4 15. Bd2 f5 16. exf5 gxf5 17. O-O f4 18. f3 Rbe8 19. Bc3 d5 20. Qf2 Qg5 21.
Kh1 Nc4 22. Bxg7 Qxg7 23. Re1 Rxe1+ 24. Qxe1 Nxb2 25. Qe6+ Kh8 26. Nxb2 Qxb2
27. Re1 Qf6 28. Qxf6+ Rxf6 29. Re7 a5 30. a4 Kg8 31. Rxc7 Re6 32. Kg1 Re1+ 33.
Kf2 Ra1 34. Rxc6 Rxa4 35. Rc5 Rc4 36. Rxa5 Rxc2+ 37. Kf1 Rc1+ 38. Ke2 Rc2+ 39.
Kd3 Rxg2 40. Rxd5 Rg3 41. Ke4 Rxh3 42. Kxf4 Kf7 43. Ra5 1/2-1/2

[Event "8. Open de Calvia de Aficionados 2011"]
[Site "Calvià ESP"]
[Date "2011.10.14"]
[Round "7.2"]
[White "Sokalsky, Alexander"]
[Black "Diaz Nunez, Adolfo"]
[Result "1/2-1/2"]
[WhiteElo "2226"]
[BlackElo "2229"]
[PlyCount "86"]
[EventDate "2011.10.08"]
[EventType "swiss"]
[EventRounds "9"]
[EventCountry "ESP"]
[Source "lmi"]
[SourceDate "2011.10.08"]

1. b3 d5 2. Bb2 Nf6 3. Nf3 Bg4 4. h3 Bxf3 5. gxf3 Nbd7 6. e3 e6 7. Nc3 g6 8.
Bg2 Bg7 9. Qe2 c6 10. f4 Qc7 11. Rg1 O-O 12. Nd1 a5 13. a4 Rfe8 14. Kf1 e5 15.
fxe5 Nxe5 16. d4 Ned7 17. Nc3 Nf8 18. Bf3 Ne6 19. Qd2 h6 20. Re1 Ng5 21. Bg2
Rad8 22. Re2 Bf8 23. Qd3 Bg7 24. Rh1 Rd7 25. Ke1 Nge4 26. Kd1 Nxc3+ 27. Bxc3 b5
28. Qd2 b4 29. Bb2 Ne4 30. Bxe4 Rxe4 31. Kc1 Kh7 32. Kb1 Qd8 33. Qd3 Qb6 34.
Rg1 Rde7 35. Rd2 R7e6 36. Rg4 h5 37. Rxe4 Rxe4 38. Rd1 f5 39. Rg1 Qc7 40. Rg2
Qb6 41. Qf1 Re6 42. Qd3 Qb7 43. Rg1 Qb6 1/2-1/2

[Event "8. Open de Calvia de Aficionados 2011"]
[Site "Calvià ESP"]
[Date "2011.10.14"]
[Round "7.3"]
[White "Matthiesen, Martin"]
[Black "Rodriguez Fontecha, Marcos"]
[Result "1/2-1/2"]
[WhiteElo "2277"]
[BlackElo "2244"]
[PlyCount "58"]
[EventDate "2011.10.08"]
[EventType "swiss"]
[EventRounds "9"]
[EventCountry "ESP"]
[Source "lmi"]
[SourceDate "2011.10.08"]

1. d4 d5 2. c4 c6 3. Nf3 Nf6 4. Nc3 dxc4 5. a4 Bg4 6. Ne5 Nbd7 7. Nxc4 e6 8.
Bf4 Nb6 9. Ne5 Nbd5 10. Bd2 Bh5 11. Nf3 Qb6 12. a5 Qc7 13. e3 Bd6 14. Be2 O-O
15. h3 Nxc3 16. Bxc3 Ne4 17. Nd2 Bxe2 18. Qxe2 Nxd2 19. Qxd2 Rad8 20. O-O e5
21. Qc2 Rfe8 22. dxe5 Bxe5 23. Rfd1 Bxc3 24. Qxc3 Rd7 25. Rd4 Red8 26. Rad1
Rxd4 27. Rxd4 Rxd4 28. exd4 Qd6 29. g3 Qd7 1/2-1/2

[Event "8. Open de Calvia de Aficionados 2011"]
[Site "Calvià ESP"]
[Date "2011.10.14"]
[Round "7.4"]
[White "Fernandez-Baldor Anibarro, Pablo"]
[Black "Sanchez Jerez, Emilio Miguel"]
[Result "0-1"]
[WhiteElo "2175"]
[BlackElo "2275"]
[PlyCount "66"]
[EventDate "2011.10.08"]
[EventType "swiss"]
[EventRounds "9"]
[EventCountry "ESP"]
[Source "lmi"]
[SourceDate "2011.10.08"]

1. d4 Nf6 2. c4 d6 3. Nc3 e5 4. Nf3 e4 5. Ng5 Qe7 6. h4 h6 7. Nh3 c6 8. Nf4 g6
9. e3 Bg4 10. Be2 Bxe2 11. Qxe2 Nbd7 12. b3 Bg7 13. Ba3 O-O 14. Rd1 a6 15. g3
h5 16. Kf1 Ng4 17. Kg2 Rfe8 18. Qc2 Bh6 19. Nce2 Kh7 20. Qd2 Ndf6 21. Nh3 Qd7
22. Nef4 Ng8 23. Qa5 b5 24. Rd2 Ne7 25. Rc2 Nf5 26. Bc1 f6 27. d5 c5 28. b4 Ne5
29. bxc5 dxc5 30. cxb5 axb5 31. Qb6 Bg7 32. Rd1 Nxh4+ 33. gxh4 Qg4+ 0-1

[Event "8. Open de Calvia de Aficionados 2011"]
[Site "Calvià ESP"]
[Date "2011.10.14"]
[Round "7.5"]
[White "Navarro Ortiz De Ortuno, Borja"]
[Black "Fruebing, Thomas"]
[Result "1-0"]
[WhiteElo "2275"]
[BlackElo "2166"]
[PlyCount "119"]
[EventDate "2011.10.08"]
[EventType "swiss"]
[EventRounds "9"]
[EventCountry "ESP"]
[Source "lmi"]
[SourceDate "2011.10.08"]

1. d4 e6 2. g3 Nf6 3. c4 Bb4+ 4. Bd2 Qe7 5. Bg2 Nc6 6. Nf3 Bxd2+ 7. Nbxd2 d6 8.
e3 O-O 9. O-O Rb8 10. Qc2 e5 11. d5 Nb4 12. Qc3 Na6 13. Ne1 Re8 14. Nc2 Nh5 15.
Rae1 Bd7 16. Qa3 g6 17. b4 Ra8 18. Nb3 Nb8 19. Na5 b6 20. Nc6 Nxc6 21. dxc6 Bf5
22. Na1 a5 23. b5 Nf6 24. Qb3 h5 25. h4 Qe6 26. e4 Bh3 27. Kh2 Bxg2 28. Kxg2
Nh7 29. Nc2 Kh8 30. Ne3 Rac8 31. Qd3 Nf6 32. f3 Kg7 33. Rf2 Ng8 34. Ref1 Nh6
35. Nd5 f5 36. Qc3 Rf8 37. f4 Ng4 38. Re2 fxe4 39. Rxe4 Qf5 40. Rfe1 Rf7 41.
Qd3 Rcf8 42. Ne3 Nxe3+ 43. Qxe3 exf4 44. Rxf4 Qc8 45. Rxf7+ Rxf7 46. Qe6 Qf8
47. Re2 Rf6 48. Qd7+ Rf7 49. Re8 Rxd7 50. cxd7 Qf5 51. d8=Q Qc2+ 52. Kg1 Qb1+
53. Kf2 Qf5+ 54. Ke3 Qc5+ 55. Kd3 Qf5+ 56. Kd4 Qc5+ 57. Kd3 Qf5+ 58. Re4 Qf1+
59. Re2 Qf3+ 60. Kd2 1-0

[Event "8. Open de Calvia de Aficionados 2011"]
[Site "Calvià ESP"]
[Date "2011.10.14"]
[Round "7.6"]
[White "Van Den Bersselaar, Jeroen"]
[Black "Spence, David J"]
[Result "1/2-1/2"]
[WhiteElo "2211"]
[BlackElo "2199"]
[PlyCount "36"]
[EventDate "2011.10.08"]
[EventType "swiss"]
[EventRounds "9"]
[EventCountry "ESP"]
[Source "lmi"]
[SourceDate "2011.10.08"]

1. d4 e6 2. Nf3 Nf6 3. c4 b6 4. a3 Ba6 5. e3 d5 6. Nbd2 Be7 7. b4 O-O 8. b5 Bb7
9. Bd3 c5 10. bxc6 Nxc6 11. O-O Ba6 12. Qe2 Na5 13. Bb2 Rc8 14. cxd5 Bxd3 15.
Qxd3 exd5 16. Rac1 Qd7 17. Ne5 Qb7 18. a4 Nd7 1/2-1/2

[Event "8. Open de Calvia de Aficionados 2011"]
[Site "Calvià ESP"]
[Date "2011.10.14"]
[Round "7.7"]
[White "Svensson, Leif 1940"]
[Black "Chueca Forcen, Alberto"]
[Result "0-1"]
[WhiteElo "2156"]
[BlackElo "2296"]
[PlyCount "136"]
[EventDate "2011.10.08"]
[EventType "swiss"]
[EventRounds "9"]
[EventCountry "ESP"]
[Source "lmi"]
[SourceDate "2011.10.08"]

1. d4 e6 2. e4 d5 3. Nc3 Bb4 4. a3 Bxc3+ 5. bxc3 dxe4 6. f3 Nc6 7. Bb5 Bd7 8.
Qe2 a6 9. Ba4 exf3 10. Nxf3 Nge7 11. O-O O-O 12. Bb3 Ng6 13. Bd2 Na5 14. Ba2 b5
15. Rae1 Bc6 16. Ng5 Bd5 17. Qh5 h6 18. Nxf7 Rxf7 19. Rxf7 Kxf7 20. Rf1+ Kg8
21. Bxd5 exd5 22. Qxg6 Qe8 23. Qf5 c6 24. Re1 Qf7 25. Qxf7+ Kxf7 26. Kf2 Nc4
27. Bc1 Nd6 28. Re3 Ne4+ 29. Ke2 Rd8 30. Rf3+ Ke8 31. Bf4 Rd7 32. Be5 Re7 33.
h4 c5 34. Kd3 c4+ 35. Ke2 Rf7 36. Ke1 Rxf3 37. gxf3 Nxc3 38. Bxg7 h5 39. Bh6
Kf7 40. Bd2 Na4 41. Ke2 Ke6 42. Bc1 Nb6 43. Ke3 Kf5 44. Bd2 Nc8 45. Bb4 Na7 46.
Ba5 Nc6 47. Bd2 a5 48. c3 Ne7 49. Kf2 Ke6 50. Be1 Kf6 51. Ke3 Kf5 52. Bf2 Nc6
53. Be1 Ne7 54. Bf2 Ng6 55. Bg3 a4 56. Bf2 Nf4 57. Bg3 Nd3 58. Kd2 Kf6 59. Kc2
Ke6 60. Kd2 Kf5 61. Kc2 Kg6 62. Kd2 Kf6 63. Kc2 Kf5 64. Kd2 Nf4 65. Ke3 Ne6 66.
Ke2 b4 67. cxb4 Nxd4+ 68. Kd1 Nb5 0-1

[Event "8. Open de Calvia de Aficionados 2011"]
[Site "Calvià ESP"]
[Date "2011.10.14"]
[Round "7.8"]
[White "Garcia Del Rey, Senen"]
[Black "Lacrosse, Marc"]
[Result "1-0"]
[WhiteElo "2295"]
[BlackElo "2144"]
[PlyCount "65"]
[EventDate "2011.10.08"]
[EventType "swiss"]
[EventRounds "9"]
[EventCountry "ESP"]
[Source "lmi"]
[SourceDate "2011.10.08"]

1. c4 e6 2. g3 d5 3. Bg2 Nf6 4. Nf3 Be7 5. O-O O-O 6. b3 d4 7. Bb2 Nc6 8. e3 e5
9. exd4 exd4 10. d3 h6 11. Na3 Bc5 12. Nc2 a5 13. a3 Bf5 14. b4 axb4 15. axb4
Rxa1 16. Bxa1 Nxb4 17. Nxb4 Bxb4 18. Nxd4 Bg4 19. Qa4 c5 20. Qb3 Ba5 21. Nf3 b6
22. Ne5 Be2 23. Rb1 Re8 24. f3 Qd6 25. Qb2 Bxd3 26. Rd1 Rxe5 27. Qxe5 Qxe5 28.
Bxe5 Bxc4 29. Bc7 Nd5 30. Bd8 Bb3 31. Rd3 c4 32. Rxd5 c3 33. Rxa5 1-0

[Event "8. Open de Calvia de Aficionados 2011"]
[Site "Calvià ESP"]
[Date "2011.10.14"]
[Round "7.9"]
[White "Obers, Frits"]
[Black "Perez Lopez, Jesus Maria"]
[Result "1/2-1/2"]
[WhiteElo "2105"]
[BlackElo "2280"]
[PlyCount "31"]
[EventDate "2011.10.08"]
[EventType "swiss"]
[EventRounds "9"]
[EventCountry "ESP"]
[Source "lmi"]
[SourceDate "2011.10.08"]

1. c4 Nf6 2. g3 c6 3. b3 g6 4. Bb2 Bg7 5. Bg2 O-O 6. Nf3 d6 7. d4 Ne4 8. Nfd2
Nxd2 9. Qxd2 Nd7 10. O-O Qc7 11. Nc3 e5 12. dxe5 dxe5 13. Ba3 Re8 14. Bd6 Qa5
15. b4 Qd8 16. Rad1 1/2-1/2

[Event "8. Open de Calvia de Aficionados 2011"]
[Site "Calvià ESP"]
[Date "2011.10.14"]
[Round "7.10"]
[White "Donovan, Linton"]
[Black "Rhein, Klaus"]
[Result "1/2-1/2"]
[WhiteElo "2262"]
[BlackElo "2126"]
[PlyCount "69"]
[EventDate "2011.10.08"]
[EventType "swiss"]
[EventRounds "9"]
[EventCountry "ESP"]
[Source "lmi"]
[SourceDate "2011.10.08"]

1. e4 c5 2. Nc3 Nc6 3. f4 g6 4. Nf3 Bg7 5. Bb5 Nd4 6. O-O Nxb5 7. Nxb5 d5 8. e5
a6 9. Nc3 Bg4 10. d4 cxd4 11. Qxd4 Bxf3 12. Rxf3 e6 13. Qb4 b5 14. a4 Bf8 15.
Qb3 b4 16. Ne2 Bc5+ 17. Be3 Qb6 18. a5 Qa7 19. Ra4 d4 20. Bf2 Ne7 21. Nc1 Nd5
22. Nd3 O-O 23. Ra1 Rfd8 24. Kh1 Rac8 25. Bh4 Be7 26. Bxe7 Qxe7 27. Rf2 Rb8 28.
Rd2 Rb5 29. Qc4 Qa7 30. Ra4 Ne3 31. Qc6 Rdb8 32. h3 Nd5 33. Kh2 Kg7 34. g3 R8b7
35. Kg1 1/2-1/2

[Event "8. Open de Calvia de Aficionados 2011"]
[Site "Calvià ESP"]
[Date "2011.10.14"]
[Round "7.12"]
[White "Martinez Vicario, Jose Maria"]
[Black "Asensio, Enrique"]
[Result "0-1"]
[WhiteElo "2109"]
[BlackElo "2178"]
[PlyCount "84"]
[EventDate "2011.10.08"]
[EventType "swiss"]
[EventRounds "9"]
[EventCountry "ESP"]
[Source "lmi"]
[SourceDate "2011.10.08"]

1. f4 d5 2. Nf3 g6 3. g3 Bg7 4. Bg2 c6 5. O-O Qb6+ 6. Kh1 Nh6 7. Nc3 O-O 8. e4
dxe4 9. Nxe4 Nd7 10. d4 Nf5 11. c3 Nf6 12. Nf2 c5 13. dxc5 Qxc5 14. Ne5 Qc7 15.
Qf3 Rb8 16. Re1 b6 17. Qc6 Qd8 18. Rd1 Nd6 19. Qa4 Bb7 20. Be3 Bxg2+ 21. Kxg2
Qc7 22. h3 Nf5 23. Bd4 Nxd4 24. cxd4 b5 25. Qb3 e6 26. Rac1 Qb7+ 27. Kh2 Rbc8
28. Rc5 Rxc5 29. dxc5 Rc8 30. Qd3 a5 31. b3 h5 32. a3 h4 33. g4 Nd5 34. Qd4 Qc7
35. b4 axb4 36. Nfd3 bxa3 37. c6 b4 38. Qf2 b3 39. Kg2 Qd6 40. Qa7 Qc7 41. Qxa3
Ne3+ 42. Kf3 Nxd1 0-1

[Event "8. Open de Calvia de Aficionados 2011"]
[Site "Calvià ESP"]
[Date "2011.10.14"]
[Round "7.13"]
[White "Walton, Alan J"]
[Black "Haukenes, Alise"]
[Result "1-0"]
[WhiteElo "2164"]
[BlackElo "1620"]
[PlyCount "53"]
[EventDate "2011.10.08"]
[EventType "swiss"]
[EventRounds "9"]
[EventCountry "ESP"]
[Source "lmi"]
[SourceDate "2011.10.08"]

1. d4 Nf6 2. Bg5 Ne4 3. Bf4 c5 4. f3 Qa5+ 5. c3 Nf6 6. Nd2 Nc6 7. Nb3 Qd8 8.
dxc5 b6 9. cxb6 Qxb6 10. e4 e5 11. Bg5 Be7 12. Qd2 h6 13. Be3 Qc7 14. Ne2 d6
15. Ng3 Be6 16. Bd3 Rb8 17. Nc1 O-O 18. O-O Na5 19. h3 d5 20. Nce2 Rfd8 21. Kh1
Nc6 22. exd5 Nxd5 23. Bxh6 gxh6 24. Qxh6 Nf6 25. Nh5 Nxh5 26. Qh7+ Kf8 27. Qh8#
1-0

[Event "8. Open de Calvia de Aficionados 2011"]
[Site "Calvià ESP"]
[Date "2011.10.14"]
[Round "7.14"]
[White "Castell Cantero, Salvador"]
[Black "Gaya Llodra, Juan"]
[Result "1/2-1/2"]
[WhiteElo "2095"]
[BlackElo "2160"]
[PlyCount "34"]
[EventDate "2011.10.08"]
[EventType "swiss"]
[EventRounds "9"]
[EventCountry "ESP"]
[Source "lmi"]
[SourceDate "2011.10.08"]

1. d4 Nf6 2. c4 g6 3. Nc3 d5 4. Nf3 Bg7 5. Bg5 c6 6. e3 Ne4 7. Bh4 O-O 8. Qb3
dxc4 9. Bxc4 Nd6 10. Be2 Bf5 11. O-O Nd7 12. Rfd1 Re8 13. Rac1 Nb6 14. Bg3 Ne4
15. Be5 Nxc3 16. bxc3 Be6 17. Qc2 Bxe5 1/2-1/2

[Event "8. Open de Calvia de Aficionados 2011"]
[Site "Calvià ESP"]
[Date "2011.10.14"]
[Round "7.15"]
[White "Grichkevitch, Gilles"]
[Black "Planas Gene, Juan"]
[Result "0-1"]
[WhiteElo "2081"]
[BlackElo "2105"]
[PlyCount "104"]
[EventDate "2011.10.08"]
[EventType "swiss"]
[EventRounds "9"]
[EventCountry "ESP"]
[Source "lmi"]
[SourceDate "2011.10.08"]

1. e4 e5 2. d4 exd4 3. Qxd4 Nc6 4. Qe3 Nf6 5. Nc3 Bb4 6. Bd2 d6 7. O-O-O Qe7 8.
f3 Qe5 9. a3 Bc5 10. Qe1 a6 11. f4 Qd4 12. Nd5 Nxd5 13. exd5+ Ne7 14. Bc3 Qe3+
15. Kb1 Qxe1 16. Rxe1 f6 17. g3 Kf7 18. Bg2 b5 19. Ne2 Bb7 20. Rd1 Rhe8 21. Nd4
Nxd5 22. Bxd5+ Bxd5 23. Rhf1 Bc4 24. Rh1 Bb6 25. h4 Be2 26. Rd2 Bg4 27. Rf1 Re3
28. Rg1 Rae8 29. Rd3 Rxd3 30. cxd3 c5 31. Nc2 Bf5 32. Rd1 d5 33. Kc1 d4 34. Be1
Re2 35. Rd2 Re8 36. Bf2 c4 37. dxc4 Bxc2 38. Kxc2 d3+ 39. Kc3 Bxf2 40. Rxf2 Re2
41. Rxe2 dxe2 42. Kd2 bxc4 43. Kxe2 Ke6 44. Kd2 Kd5 45. Kc3 Kc5 46. g4 a5 47.
b3 cxb3 48. Kxb3 Kb5 49. a4+ Kc5 50. Kc3 Kd5 51. Kd3 g6 52. g5 f5 0-1

[Event "8. Open de Calvia de Aficionados 2011"]
[Site "Calvià ESP"]
[Date "2011.10.14"]
[Round "7.16"]
[White "Svensson, Mikael"]
[Black "Schuermans, Robert"]
[Result "0-1"]
[WhiteElo "2016"]
[BlackElo "2139"]
[PlyCount "38"]
[EventDate "2011.10.08"]
[EventType "swiss"]
[EventRounds "9"]
[EventCountry "ESP"]
[Source "lmi"]
[SourceDate "2011.10.08"]

1. e4 e5 2. Nc3 Nf6 3. g3 Nc6 4. Bg2 Bc5 5. Nge2 O-O 6. O-O d6 7. Na4 Be6 8. h3
Bb6 9. Nxb6 axb6 10. d4 Bc4 11. dxe5 dxe5 12. Qxd8 Rfxd8 13. Re1 Nb4 14. Bg5
Nxc2 15. Rec1 Nxa1 16. Rxc4 Rd1+ 17. Kh2 Ne8 18. Be3 c5 19. Nc3 Nd6 0-1

[Event "8. Open de Calvia de Aficionados 2011"]
[Site "Calvià ESP"]
[Date "2011.10.14"]
[Round "7.17"]
[White "Sanchez Garcia, Julio"]
[Black "Mercant Simo, Jaime"]
[Result "1-0"]
[WhiteElo "2007"]
[BlackElo "2083"]
[PlyCount "75"]
[EventDate "2011.10.08"]
[EventType "swiss"]
[EventRounds "9"]
[EventCountry "ESP"]
[Source "lmi"]
[SourceDate "2011.10.08"]

1. e4 c5 2. Nf3 d6 3. d4 cxd4 4. Nxd4 Nf6 5. Nc3 a6 6. Bg5 e6 7. f4 Bd7 8. Qf3
Nc6 9. Nb3 Qc7 10. O-O-O Be7 11. Bd3 Rc8 12. Rd2 b5 13. Rhd1 b4 14. Ne2 a5 15.
Ned4 Nxd4 16. Nxd4 Qc5 17. Nb3 Qa7 18. e5 a4 19. Na1 a3 20. exf6 Qd4 21. c3
bxc3 22. bxc3 Qxc3+ 23. Kb1 gxf6 24. Bh4 Bc6 25. Qg3 Rb8+ 26. Nb3 Rxb3+ 27.
axb3 Qxb3+ 28. Ka1 Qc3+ 29. Kb1 Kd7 30. Bb5 Qb4+ 31. Ka1 Bxb5 32. Qe3 Rc8 33.
Be1 Qc4 34. Rd4 Qc6 35. Bb4 d5 36. Rxd5+ Ke8 37. Bxe7 exd5 38. Bd6+ 1-0

[Event "8. Open de Calvia de Aficionados 2011"]
[Site "Calvià ESP"]
[Date "2011.10.14"]
[Round "7.18"]
[White "Luijpen, Michiel"]
[Black "Carlsten, Peter"]
[Result "1/2-1/2"]
[WhiteElo "2066"]
[BlackElo "2019"]
[PlyCount "78"]
[EventDate "2011.10.08"]
[EventType "swiss"]
[EventRounds "9"]
[EventCountry "ESP"]
[Source "lmi"]
[SourceDate "2011.10.08"]

1. e4 c5 2. Nc3 Nc6 3. f4 e6 4. Nf3 a6 5. d4 cxd4 6. Nxd4 Qb6 7. Nb3 d6 8. Qf3
Nf6 9. Be3 Qc7 10. Bd3 Be7 11. O-O O-O 12. Kh1 b5 13. e5 dxe5 14. fxe5 Nd5 15.
Nxd5 exd5 16. Bf4 Be6 17. Qg3 Kh8 18. c3 Rg8 19. Nd4 Nxd4 20. cxd4 Qd7 21. Bg5
Bxg5 22. Qxg5 h6 23. Qf4 Qe7 24. Rac1 Rac8 25. h3 Qd7 26. g4 Qe7 27. Kg2 Qg5
28. Kg3 g6 29. Qxg5 hxg5 30. Rxc8 Rxc8 31. Rf6 Rc6 32. h4 gxh4+ 33. Kxh4 Kg7
34. Kg5 b4 35. Rf2 Rc1 36. Rf1 Rc6 37. Rf2 Rc1 38. Rf1 Rc6 39. Rf2 Rc1 1/2-1/2

[Event "8. Open de Calvia de Aficionados 2011"]
[Site "Calvià ESP"]
[Date "2011.10.14"]
[Round "7.19"]
[White "Navarrete Terrasa, Sebastian"]
[Black "Sokalskaja, Elena"]
[Result "1-0"]
[WhiteElo "2002"]
[BlackElo "2040"]
[PlyCount "121"]
[EventDate "2011.10.08"]
[EventType "swiss"]
[EventRounds "9"]
[EventCountry "ESP"]
[Source "lmi"]
[SourceDate "2011.10.08"]

1. d4 Nf6 2. c4 g6 3. Nc3 d5 4. Bf4 Bg7 5. e3 O-O 6. Rc1 c6 7. Nf3 dxc4 8. Bxc4
Nbd7 9. O-O Nb6 10. Bd3 Nbd5 11. Bg3 Nxc3 12. bxc3 c5 13. Qb3 Qb6 14. Rfd1 Bg4
15. h3 Bxf3 16. gxf3 Qc6 17. Kg2 Rac8 18. Bc4 e6 19. a4 b6 20. e4 Bh6 21. Rc2
Rfd8 22. Ba6 Ra8 23. Be5 Bg7 24. Rcd2 Nh5 25. Bb5 Qc8 26. Bh2 Bh6 27. Rd3 Bf4
28. d5 Bxh2 29. Kxh2 Nf4 30. dxe6 Rxd3 31. Bxd3 Nxd3 32. exf7+ Kg7 33. f8=Q+
Kxf8 34. Rxd3 Qc7+ 35. Kg2 Rd8 36. Rd5 Rxd5 37. Qxd5 Qe7 38. f4 a6 39. Kf3 Qf6
40. e5 Qh4 41. Qd7 b5 42. axb5 axb5 43. Qc8+ Kg7 44. Qd7+ Kf8 45. Kg2 Qxf4 46.
Qd8+ Kf7 47. Qc7+ Ke8 48. Qxc5 Qg5+ 49. Kf3 Qf5+ 50. Kg2 Qg5+ 51. Kf1 Qc1+ 52.
Ke2 Qc2+ 53. Ke3 Qc1+ 54. Ke4 Qd2 55. Qxb5+ Ke7 56. Qc5+ Ke8 57. e6 Qe2+ 58.
Kd5 Qd3+ 59. Ke5 Qf5+ 60. Kd6 Qd3+ 61. Qd5 1-0